00378 a2200121 4500001001000000005001700010008004100027245005200068100002900120700002100149773006900170999001700239ART_1316220260410161910.0260409a 10aConcepto y finalidad del desarrollo económico1 aHerschel, Federico Julio1 aCibotti, Ricardo0 tRevista de Desarrollo económicog- Nº 1 (oct. 1958)wREV13159 c26692d26692